Music Quiz

Random Music or Rock Quiz

Songs on Turn Blue Quiz Stats

Quiz not verified by Sporcle

Challenge
Share
Tweet
Embed
Score 0/11 Timer 10:00
0 Plays Today
Track Number % Correct
3Turn Blue
95.7%
4Fever
94.3%
1Weight of Love
87.1%
11Gotta Get Away
81.4%
910 Lovers
71.4%
6Bullet in the Brain
68.6%
10In Our Prime
64.3%
2In Time
60%
5Year in Review
57.1%
8Waiting on Words
57.1%
7It's Up to You Now
52.9%

You're not logged in!

Compare scores with friends on all Sporcle quizzes.
Join for Free
OR
Log In

You Might Also Like...

Show Comments

Extras

Top Quizzes Today


Score Distribution

Your Account Isn't Verified!

In order to create a playlist on Sporcle, you need to verify the email address you used during registration. Go to your Sporcle Settings to finish the process.

Report this User

Report this user for behavior that violates our Community Guidelines.

Details: